[Event "Ontario Closed"]
[Site "Toronto CAN"]
[Date "2023.07.01"]
[Round "2.1"]
[White "Lu, Tony"]
[Black "Preotu, Razvan"]
[Result "0-1"]
[WhiteElo "1999"]
[BlackElo "2559"]
[WhiteFideId "-1"]
[WhiteFideId "-1"]
[PlyCount "91"]
[GameId "2160767907140558"]
[EventDate "2023.06.30"]
[EventType "swiss"]
[EventRounds "7"]
[EventCountry "CAN"]

1. e4 c5 2. Nf3 d6 3. d4 cxd4 4. Nxd4 Nf6 5. Nc3 a6 6. Be3 e5 7. Nf3 Be7 8. Bc4 O-O 9. O-O Nc6 10. Qe2 Na5 11. Bb3 h6 12. Rfd1 Nxb3 13. cxb3 Bd7 14. a4 b5 15. a5 Qb8 16. Bb6 Qb7 17. Nd2 Bc6 18. f3 Nh5 19. g3 f5 20. f4 Nf6 21. fxe5 dxe5 22. exf5 Nd7 23. Be3 Rxf5 24. Rf1 Raf8 25. Rxf5 Rxf5 26. Bxh6 gxh6 27. Qg4+ Rg5 28. Qe6+ Kf8 29. Rf1+ Ke8 30. Rf7 Qa7+ 31. Kf1 Nc5 32. Rxe7+ Qxe7 33. Qxc6+ Qd7 34. Qxc5 Qxd2 35. Qc8+ Kf7 36. Qb7+ Kg8 37. Qa8+ Kh7 38. Qe4+ Kh8 39. h4 Rg7 40. Qxe5 Qc1+ 41. Ke2 Qxb2+ 42. Kd3 Qxb3 43. Qf6 Kg8 44. Qd8+ Kh7 45. Qd6 b4 46. Kd4 0-1

[Event "Ontario Closed"]
[Site "Toronto CAN"]
[Date "2023.07.01"]
[Round "3.1"]
[White "Preotu, Razvan"]
[Black "Qian, Eric"]
[Result "1-0"]
[WhiteElo "2559"]
[BlackElo "2157"]
[WhiteFideId "-1"]
[WhiteFideId "-1"]
[PlyCount "43"]
[GameId "2160767907140579"]
[EventDate "2023.06.30"]
[EventType "swiss"]
[EventRounds "7"]
[EventCountry "CAN"]

1. e4 c5 2. Nc3 Nc6 3. Nge2 e5 4. Ng3 Nf6 5. Bc4 g6 6. d3 Bg7 7. h4 h5 8. Bg5 Qa5 9. O-O O-O 10. Bxf6 Bxf6 11. Nxh5 gxh5 12. Qxh5 Ne7 13. f4 exf4 14. Rxf4 Bd4+ 15. Kh1 d5 16. exd5 Ng6 17. Rxf7 Kxf7 18. Qh7+ Kf6 19. Ne4+ Ke5 20. Qg7+ Kf4 21. Qxg6 Qd8 22. Qg3+ 1-0

[Event "Ontario Closed"]
[Site "Toronto CAN"]
[Date "2023.07.02"]
[Round "4.1"]
[White "Barron, Michael"]
[Black "Preotu, Razvan"]
[Result "1/2-1/2"]
[WhiteElo "2266"]
[BlackElo "2559"]
[WhiteFideId "-1"]
[WhiteFideId "-1"]
[PlyCount "129"]
[GameId "2160767907140599"]
[EventDate "2023.06.30"]
[EventType "swiss"]
[EventRounds "7"]
[EventCountry "CAN"]

1. e4 c5 2. Nf3 d6 3. d4 cxd4 4. Nxd4 Nf6 5. f3 e5 6. Nb3 d5 7. Bg5 d4 8. c3 Nc6 9. Bb5 h6 10. Bh4 Qb6 11. Bxc6+ bxc6 12. cxd4 Ba6 13. Bf2 Rd8 14. Nc3 exd4 15. Ne2 Bb4+ 16. Nd2 Qb5 17. a3 Ba5 18. b4 Bb6 19. Rc1 d3 20. Nc3 Bxf2+ 21. Kxf2 Qb6+ 22. Kf1 h5 23. Na4 Qe3 24. Qe1 Qe2+ 25. Qxe2 dxe2+ 26. Ke1 Nd7 27. f4 g5 28. Nc3 gxf4 29. Nxe2 Ne5 30. Nxf4 Rh6 31. Nf3 Nxf3+ 32. gxf3 Rf6 33. Nxh5 Rxf3 34. Rg1 Kf8 35. Rxc6 Rxa3 36. Rg5 Ra1+ 37. Kf2 Ra3 38. Rd5 Rxd5 39. exd5 Bb7 40. Rc5 Rd3 41. Nf4 Rd4 42. Rb5 Rxf4+ 43. Ke3 Rf5 44. Rxb7 Rxd5 45. Rxa7 Rb5 46. Ra4 Kg7 47. Kd4 Rb8 48. Kc5 Rc8+ 49. Kd6 Rc4 50. Kd5 Rh4 51. Kc5 Rh5+ 52. Kc6 Rh6+ 53. Kc5 Rh5+ 54. Kb6 Rxh2 55. b5 f5 56. Ka7 Kg6 57. b6 Kg5 58. b7 Rb2 59. b8=Q Rxb8 60. Kxb8 f4 61. Kc7 f3 62. Ra8 Kf4 63. Kd6 f2 64. Kd5 Ke3 65. Rf8 1/2-1/2

[Event "Ontario Closed"]
[Site "Toronto CAN"]
[Date "2023.07.02"]
[Round "5.2"]
[White "Preotu, Razvan"]
[Black "Zuniga, Dante"]
[Result "1/2-1/2"]
[WhiteElo "2559"]
[BlackElo "2263"]
[WhiteFideId "-1"]
[WhiteFideId "-1"]
[PlyCount "83"]
[GameId "2160767907140606"]
[EventDate "2023.06.30"]
[EventType "swiss"]
[EventRounds "7"]
[EventCountry "CAN"]

1. e4 c6 2. d4 d5 3. e5 c5 4. Nf3 Nc6 5. dxc5 e6 6. a3 Bxc5 7. b4 Bb6 8. Bd3 Nge7 9. O-O Ng6 10. Bb2 O-O 11. c4 dxc4 12. Bxc4 Qxd1 13. Rxd1 Bc7 14. Re1 Rd8 15. Bf1 a6 16. Ra2 b5 17. Nbd2 Bb7 18. Nb3 Bb6 19. Nc5 Bxc5 20. bxc5 Rd5 21. Rc1 Rc8 22. a4 b4 23. a5 Ngxe5 24. Nxe5 Nxe5 25. Bxe5 Rxe5 26. Rac2 Bd5 27. Bxa6 Rc7 28. c6 b3 29. Rd2 g5 30. Rb2 Rxc6 31. Rxc6 Bxc6 32. Rxb3 Rxa5 33. Bd3 Ra1+ 34. Rb1 Rxb1+ 35. Bxb1 Kg7 36. f3 f5 37. Kf2 Kf6 38. g3 Ke5 39. Ke3 f4+ 40. gxf4+ gxf4+ 41. Kf2 h6 42. Bd3 1/2-1/2

[Event "Ontario Closed"]
[Site "Toronto CAN"]
[Date "2023.07.03"]
[Round "6.1"]
[White "Preotu, Razvan"]
[Black "Campbell, Ryan"]
[Result "1-0"]
[WhiteElo "2559"]
[BlackElo "2181"]
[WhiteFideId "-1"]
[WhiteFideId "-1"]
[PlyCount "61"]
[GameId "2160767907140611"]
[EventDate "2023.06.30"]
[EventType "swiss"]
[EventRounds "7"]
[EventCountry "CAN"]

1. e4 c6 2. d4 d5 3. e5 Bf5 4. h4 h5 5. Bd3 Bxd3 6. Qxd3 Qa5+ 7. b4 Qxb4+ 8. Nd2 Qb5 9. c4 dxc4 10. Nxc4 e6 11. Rb1 Qa6 12. Qb3 b5 13. Nd2 Nh6 14. Ngf3 Nf5 15. O-O Be7 16. Ne4 O-O 17. Bg5 Re8 18. Bxe7 Rxe7 19. Nd6 Nxd6 20. exd6 Rd7 21. Ng5 Rxd6 22. Qf3 f6 23. Qxh5 fxg5 24. Qe8+ Kh7 25. hxg5 Qxa2 26. Rbe1 Nd7 27. Qxa8 Rxd4 28. Re3 Qc4 29. Qe8 Nc5 30. Rg3 Rg4 31. Qh5+ 1-0

[Event "Ontario Closed"]
[Site "Toronto CAN"]
[Date "2023.07.03"]
[Round "7.1"]
[White "Singh, Mahip"]
[Black "Preotu, Razvan"]
[Result "0-1"]
[WhiteElo "1938"]
[BlackElo "2559"]
[WhiteFideId "-1"]
[WhiteFideId "-1"]
[PlyCount "126"]
[GameId "2160767907140617"]
[EventDate "2023.06.30"]
[EventType "swiss"]
[EventRounds "7"]
[EventCountry "CAN"]

1. e4 e6 2. d4 d5 3. e5 c5 4. c3 Nc6 5. Nf3 Qb6 6. Be2 cxd4 7. cxd4 Nh6 8. Bxh6 Qxb2 9. Nbd2 gxh6 10. O-O Bd7 11. Rb1 Qxa2 12. Qc1 Rc8 13. Ra1 Nb4 14. Rxa2 Rxc1 15. Rxa7 Rxf1+ 16. Kxf1 Bc8 17. Ne1 Nc6 18. Ra8 Kd8 19. Nb3 Be7 20. Nd3 Kc7 21. g3 Rd8 22. Ra1 b6 23. Bh5 Rf8 24. Ke2 Bd7 25. Kd2 Kb7 26. Rb1 Ka8 27. Ke3 Na7 28. Nd2 Nb5 29. Nb2 Na3 30. Rc1 Kb7 31. Rc3 b5 32. Nd3 Nc4+ 33. Ke2 b4 34. Rc2 Bb5 35. Nb3 Kb6 36. Ra2 f6 37. f4 Rc8 38. exf6 Bxf6 39. Kf3 Na3 40. Ndc5 Bxd4 41. Nxd4 Rxc5 42. Nxe6 Rc3+ 43. Kf2 b3 44. Rxa3 b2 45. Rxc3 b1=Q 46. Be2 Qb2 47. Re3 d4 48. Nxd4 Qxd4 49. Bxb5 Kxb5 50. Kf3 Qd1+ 51. Kf2 Kc4 52. Re5 Qd2+ 53. Kg1 Kd4 54. h4 h5 55. Re7 Qc2 56. Re5 Kd3 57. Re1 Kd4 58. Re5 Qd2 59. Re7 Kc5 60. Re5+ Kd6 61. Re8 Kc7 62. Re5 Kd7 63. Re4 Qd3 0-1

[Event "Titled Tuesday 2023.06.27 Early"]
[Site "chess.com INT"]
[Date "2023.06.27"]
[Round "1"]
[White "Fontaine, Quentin"]
[Black "Preotu, Razvan"]
[Result "0-1"]
[WhiteElo "2296"]
[BlackElo "2475"]
[WhiteFideId "-1"]
[WhiteFideId "-1"]
[PlyCount "88"]
[GameId "2130307558748525"]
[EventDate "2023.06.27"]
[EventType "swiss (blitz)"]
[EventRounds "11"]
[EventCountry "NET"]
[SourceTitle "The Week in Chess 1495"]
[Source "Mark Crowther"]
[SourceDate "2023.07.03"]
[SourceVersion "1"]
[SourceVersionDate "2023.07.03"]
[SourceQuality "2"]

1. e4 c5 2. Nc3 d6 3. d4 cxd4 4. Qxd4 Nc6 5. Qd2 g6 6. b3 Bh6 7. f4 Nf6 8. Bb2 O-O 9. O-O-O e5 10. g3 Re8 11. Bg2 Bg4 12. Nge2 exf4 13. gxf4 Bxe2 14. Nxe2 Nxe4 15. Bxe4 Rxe4 16. Qc3 Ne5 17. Rhe1 Rc8 18. Qh3 Qc7 19. c4 Nxc4 20. bxc4 Rxc4+ 21. Kb1 Rc2 22. Rc1 Bg7 23. Qxc8+ Qxc8 24. Rxc2 Qe6 25. Bxg7 Kxg7 26. Rcc1 Qh3 27. Nc3 Qxh2 28. Nd5 Qg2 29. Red1 h5 30. Rc7 h4 31. Rc2 Qe4 32. Rdd2 h3 33. Kb2 h2 34. Rxh2 Qxd5 35. Rcf2 Qd4+ 36. Kb1 Qe4+ 37. Kb2 d5 38. Rhg2 Kf6 39. f5 g5 40. Re2 Qb4+ 41. Kc2 d4 42. Re4 Qc3+ 43. Kd1 d3 44. Rd2 Qa1# 0-1

[Event "Titled Tuesday 2023.06.27 Early"]
[Site "chess.com INT"]
[Date "2023.06.27"]
[Round "8"]
[White "Harsh, Suresh"]
[Black "Preotu, Razvan"]
[Result "1-0"]
[WhiteElo "2239"]
[BlackElo "2475"]
[WhiteFideId "-1"]
[WhiteFideId "-1"]
[PlyCount "85"]
[GameId "2130307558761156"]
[EventDate "2023.06.27"]
[EventType "swiss (blitz)"]
[EventRounds "11"]
[EventCountry "NET"]
[SourceTitle "The Week in Chess 1495"]
[Source "Mark Crowther"]
[SourceDate "2023.07.03"]
[SourceVersion "1"]
[SourceVersionDate "2023.07.03"]
[SourceQuality "2"]

1. e4 c5 2. Nf3 d6 3. Bb5+ Nd7 4. c4 Ngf6 5. Nc3 e6 6. O-O Be7 7. d3 O-O 8. Ba4 Ne5 9. Ne1 Nc6 10. Be3 Bd7 11. a3 a6 12. Rb1 Rb8 13. b4 cxb4 14. axb4 b5 15. cxb5 axb5 16. Bxb5 d5 17. exd5 Nxd5 18. Nxd5 exd5 19. Bxc6 Bxc6 20. Bd4 Rxb4 21. Rxb4 Bxb4 22. Bxg7 Kxg7 23. Qg4+ Kh8 24. Qxb4 d4 25. Nc2 Ba8 26. Nxd4 Rg8 27. f3 Qg5 28. Qb2 Qg7 29. Rb1 Rd8 30. Nf5 Qxb2 31. Rxb2 h5 32. d4 Kh7 33. Rd2 Kg6 34. Ne3 f5 35. Kf2 f4 36. Nc4 Bd5 37. Ne5+ Kf5 38. Nd3 Ra8 39. Re2 Bc4 40. Re5+ Kf6 41. Nxf4 Ra2+ 42. Kg3 h4+ 43. Kxh4 1-0

[Event "Titled Tuesday 2023.06.27 Late"]
[Site "chess.com INT"]
[Date "2023.06.27"]
[Round "5"]
[White "Preotu, Razvan"]
[Black "Bortnyk, Olexandr"]
[Result "0-1"]
[WhiteElo "2475"]
[BlackElo "2605"]
[WhiteFideId "-1"]
[WhiteFideId "-1"]
[PlyCount "120"]
[GameId "2130307558781924"]
[EventDate "2023.06.27"]
[EventType "swiss (blitz)"]
[EventRounds "11"]
[EventCountry "NET"]
[SourceTitle "The Week in Chess 1495"]
[Source "Mark Crowther"]
[SourceDate "2023.07.03"]
[SourceVersion "1"]
[SourceVersionDate "2023.07.03"]
[SourceQuality "2"]

1. e4 Nf6 2. e5 Nd5 3. d4 d6 4. c4 Nb6 5. f4 dxe5 6. fxe5 Bf5 7. Nc3 e6 8. Nf3 Bb4 9. Bd3 c5 10. Bg5 Qd7 11. Bxf5 cxd4 12. Qxd4 Qxd4 13. Nxd4 exf5 14. Ndb5 Na6 15. O-O-O O-O 16. Nd5 Nxc4 17. Nxb4 Nxb4 18. Be7 Nc6 19. Bxf8 Rxf8 20. Nd6 Ne3 21. Rd2 Nxe5 22. Nxb7 g5 23. Nd6 Rb8 24. b3 f4 25. Ne4 h6 26. g3 f3 27. Re1 Rc8+ 28. Kb2 Ng2 29. Rf1 f5 30. Nd6 Rd8 31. Kc1 Ne3 32. Re1 Rxd6 33. Rxe3 Re6 34. Rf2 g4 35. Kd2 Rd6+ 36. Kc3 Nc6 37. b4 Kf7 38. b5 Ne7 39. Kc4 Kf6 40. a4 Ng6 41. Kc5 Rd1 42. a5 Ne5 43. b6 axb6+ 44. axb6 Rc1+ 45. Kb5 Rb1+ 46. Ka6 Rxb6+ 47. Kxb6 Nc4+ 48. Kc5 Nxe3 49. Kd4 Ng2 50. Kd3 h5 51. Kd4 h4 52. Kd3 Kg5 53. Rf1 f4 54. Ke4 fxg3 55. hxg3 hxg3 56. Ra1 f2 57. Rf1 Ne1 58. Ke3 Kh4 59. Rh1+ Kg5 60. Ke2 g2 0-1

[Event "Transnational op"]
[Site "Montreal CAN"]
[Date "2023.06.09"]
[Round "4"]
[White "Preotu, Razvan"]
[Black "Heimann, Mark A"]
[Result "1-0"]
[WhiteElo "2475"]
[BlackElo "2426"]
[WhiteFideId "-1"]
[WhiteFideId "-1"]
[PlyCount "73"]
[GameId "2160767907141371"]
[EventDate "2023.06.09"]
[EventType "swiss"]
[EventRounds "5"]
[EventCountry "CAN"]
[SourceTitle "CBM 214 Extra"]
[Source "ChessBase"]
[SourceDate "2023.07.31"]
[SourceVersion "1"]
[SourceVersionDate "2023.07.31"]
[SourceQuality "1"]

1. e4 c5 2. Nf3 Nc6 3. d4 cxd4 4. Nxd4 e5 5. Nb5 d6 6. c4 a6 7. N5c3 Nf6 8. Be2 g6 9. O-O Bg7 10. Be3 O-O 11. Nd2 Nd4 12. Nb3 Nxe2+ 13. Qxe2 Be6 14. Rfd1 Qc7 15. Rac1 Bxc4 16. Qd2 Rac8 17. Qxd6 Qxd6 18. Rxd6 b5 19. f3 Rfd8 20. Rxd8+ Rxd8 21. Nc5 Rd6 22. b3 Be6 23. Nxe6 fxe6 24. Nd1 Nh5 25. g3 Nf6 26. Kf2 Nd7 27. Ke2 Kf7 28. Nf2 Ke7 29. Rc8 Kf7 30. Nd3 Bf6 31. Bd2 Rb6 32. Rc7 Ke8 33. Ba5 Rd6 34. Bb4 Rb6 35. Nc5 Rd6 36. Nb7 Rd4 37. Bc3 1-0

[Event "Transnational op"]
[Site "Montreal CAN"]
[Date "2023.06.11"]
[Round "9.11"]
[White "Han, Johnathan"]
[Black "Preotu, Razvan"]
[Result "0-1"]
[WhiteElo "2140"]
[BlackElo "2475"]
[WhiteFideId "-1"]
[WhiteFideId "-1"]
[PlyCount "74"]
[GameId "2160767907141436"]
[EventDate "2023.06.09"]
[EventType "swiss"]
[EventRounds "5"]
[EventCountry "CAN"]
[SourceTitle "CBM 214 Extra"]
[Source "ChessBase"]
[SourceDate "2023.07.31"]
[SourceVersion "1"]
[SourceVersionDate "2023.07.31"]
[SourceQuality "1"]

1. e4 c5 2. Nf3 d6 3. d4 cxd4 4. Nxd4 Nf6 5. Nc3 a6 6. Bg5 e6 7. f4 Qb6 8. Qd3 Qxb2 9. Rb1 Qa3 10. f5 Be7 11. fxe6 Bxe6 12. Nxe6 fxe6 13. Be2 Qa5 14. Bd2 Qc7 15. O-O O-O 16. Qh3 Qc8 17. g4 h6 18. Kh1 Nh7 19. Qg3 Nd7 20. h4 g5 21. hxg5 hxg5 22. Bd3 Ne5 23. Ne2 Rf6 24. Kg2 Qc7 25. Rxf6 Bxf6 26. Nd4 Nf8 27. c3 Re8 28. Rf1 Qg7 29. Bc2 Nc4 30. Bc1 Ng6 31. Nf3 Nf4+ 32. Kh1 Be5 33. Nxe5 dxe5 34. Rd1 Qe7 35. Bb3 Qh7+ 36. Qh2 Qxe4+ 37. Kg1 Ne2+ 0-1

[Event "Transnational Crown"]
[Site "Montreal CAN"]
[Date "2023.06.06"]
[Round "1.15"]
[White "Kantane, Anna"]
[Black "Preotu, Razvan"]
[Result "0-1"]
[WhiteElo "2260"]
[BlackElo "2475"]
[WhiteFideId "-1"]
[WhiteFideId "-1"]
[PlyCount "68"]
[GameId "2160767907141452"]
[EventDate "2023.06.06"]
[EventType "swiss"]
[EventRounds "9"]
[EventCountry "CAN"]

1. e4 c5 2. Nf3 d6 3. d4 cxd4 4. Nxd4 Nf6 5. Nc3 a6 6. g3 e5 7. Nde2 Be7 8. a4 Nc6 9. Bg2 Nb4 10. O-O O-O 11. h3 Be6 12. f4 Qc8 13. Kh2 Rd8 14. Be3 Bc4 15. Rf2 d5 16. fxe5 Nxe4 17. Nxe4 dxe4 18. Qc1 Nd5 19. Nd4 Bc5 20. c3 Bd3 21. Qd2 Qc7 22. e6 fxe6 23. Nxe6 Bxe3 24. Nxc7 Bxd2 25. Nxd5 e3 26. Rxd2 exd2 27. Rd1 Bc2 28. Rxd2 Bxa4 29. Rd4 Bb3 30. Ne7+ Kf8 31. Rb4 Be6 32. Rxb7 Rd2 33. Kg1 Re8 34. Nc6 Bd5 0-1

[Event "Transnational Crown"]
[Site "Montreal CAN"]
[Date "2023.06.07"]
[Round "2"]
[White "Preotu, Razvan"]
[Black "Lenderman, Aleksandr"]
[Result "1/2-1/2"]
[WhiteElo "2475"]
[BlackElo "2566"]
[WhiteFideId "-1"]
[WhiteFideId "-1"]
[PlyCount "77"]
[GameId "2160767907141461"]
[EventDate "2023.06.06"]
[EventType "swiss"]
[EventRounds "9"]
[EventCountry "CAN"]
[SourceTitle "CBM 214 Extra"]
[Source "ChessBase"]
[SourceDate "2023.07.31"]
[SourceVersion "1"]
[SourceVersionDate "2023.07.31"]
[SourceQuality "1"]

1. e4 e5 2. Nf3 Nf6 3. d4 Nxe4 4. Bd3 d5 5. Nxe5 Nd7 6. O-O Nxe5 7. dxe5 Nc5 8. Be3 c6 9. f4 Nxd3 10. Qxd3 g6 11. Nc3 Bf5 12. Qd2 d4 13. Qxd4 Qxd4 14. Bxd4 Bxc2 15. g4 O-O-O 16. Bxa7 h5 17. Rf2 Bd3 18. Rd1 hxg4 19. Bb6 Rd7 20. Rg2 Bf5 21. Rxd7 Bxd7 22. Ne4 Be6 23. Rd2 Bh6 24. Rd4 Kb8 25. Nc5 Bf5 26. e6 Bxe6 27. Nxe6 fxe6 28. Kg2 Kc8 29. Kg3 Bg7 30. Rd2 e5 31. Kxg4 Bh6 32. Rd6 Bxf4 33. h4 Rg8 34. b3 Bc1 35. Re6 Kd7 36. Rxe5 Re8 37. Rxe8 Kxe8 38. h5 gxh5+ 39. Kxh5 1/2-1/2

[Event "Transnational Crown"]
[Site "Montreal CAN"]
[Date "2023.06.08"]
[Round "3.10"]
[White "Msellek, Ilyass"]
[Black "Preotu, Razvan"]
[Result "1/2-1/2"]
[WhiteElo "2405"]
[BlackElo "2475"]
[WhiteFideId "-1"]
[WhiteFideId "-1"]
[PlyCount "95"]
[GameId "2160767907141491"]
[EventDate "2023.06.06"]
[EventType "swiss"]
[EventRounds "9"]
[EventCountry "CAN"]

1. e4 c5 2. Nf3 d6 3. Bb5+ Bd7 4. Bxd7+ Nxd7 5. c3 Ngf6 6. Qe2 e6 7. d4 Be7 8. e5 dxe5 9. dxe5 Nd5 10. c4 Nb4 11. O-O O-O 12. Nc3 Qc7 13. Bf4 Rfd8 14. Rfd1 Nf8 15. h4 Rxd1+ 16. Rxd1 Rd8 17. Rxd8 Qxd8 18. Qe4 Nd3 19. Bg3 Nxb2 20. Qxb7 Nxc4 21. Qxa7 Nd2 22. Nxd2 Qxd2 23. Qxe7 Qxc3 24. Kh2 c4 25. Qc5 Qc2 26. f3 Qxa2 27. Be1 h5 28. Qc8 Qb2 29. f4 Qc1 30. Bb4 Qxf4+ 31. g3 Qf2+ 32. Kh3 Qf3 33. Kh2 Kh7 34. Qxf8 Qf2+ 35. Kh3 Qf3 36. Kh2 c3 37. Qc5 Qe2+ 38. Kg1 c2 39. Ba3 Kg6 40. Bb2 Qe1+ 41. Kg2 Qe4+ 42. Kf2 Qd3 43. Qe3 Qxe3+ 44. Kxe3 Kf5 45. Kf3 f6 46. Ke3 Kg4 47. Kf2 fxe5 48. Bc1 1/2-1/2

[Event "Transnational Crown"]
[Site "Montreal CAN"]
[Date "2023.06.09"]
[Round "5.5"]
[White "Sambuev, Bator"]
[Black "Preotu, Razvan"]
[Result "0-1"]
[WhiteElo "2448"]
[BlackElo "2475"]
[WhiteFideId "-1"]
[WhiteFideId "-1"]
[PlyCount "74"]
[GameId "2160767907190682"]
[EventDate "2023.06.06"]
[EventType "swiss"]
[EventRounds "9"]
[EventCountry "CAN"]

1. d4 d5 2. c4 c6 3. Nf3 Nf6 4. e3 Bf5 5. Nc3 e6 6. Nh4 Be4 7. f3 Bg6 8. Qb3 Qc7 9. Bd2 Be7 10. cxd5 Nxd5 11. Nxg6 hxg6 12. e4 Nxc3 13. bxc3 Bh4+ 14. Kd1 O-O 15. Rb1 b5 16. g3 Be7 17. h4 Qxg3 18. Ke2 Qc7 19. h5 g5 20. Kf2 a6 21. c4 e5 22. Bh3 exd4 23. Rbg1 Nd7 24. Bxg5 Bxg5 25. Rxg5 Qf4 26. Rhg1 bxc4 27. Rxg7+ Kh8 28. Qxc4 Qe3+ 29. Kg2 Kxg7 30. Bxd7 Kh8 31. Qxc6 Rg8+ 32. Bg4 Qf4 33. Kh3 Rad8 34. Rd1 Rc8 35. Qd7 Rc2 36. Qxd4+ f6 37. Qg1 Rxg4 0-1

[Event "Transnational Crown"]
[Site "Montreal CAN"]
[Date "2023.06.10"]
[Round "6.2"]
[White "Preotu, Razvan"]
[Black "Bosiocic, Marin"]
[Result "1/2-1/2"]
[WhiteElo "2475"]
[BlackElo "2543"]
[WhiteFideId "-1"]
[WhiteFideId "-1"]
[PlyCount "142"]
[GameId "2160767907190701"]
[EventDate "2023.06.06"]
[EventType "swiss"]
[EventRounds "9"]
[EventCountry "CAN"]

1. e4 c6 2. d4 d5 3. e5 Bf5 4. Nf3 e6 5. Be2 c5 6. c3 Nd7 7. O-O Ne7 8. dxc5 Nxc5 9. Be3 Nc6 10. Nd4 Bg6 11. c4 dxc4 12. Nxc6 bxc6 13. Qxd8+ Rxd8 14. Nd2 c3 15. bxc3 Be7 16. Nb3 Na4 17. Bf3 Nxc3 18. Bxc6+ Kf8 19. Bd2 Nd5 20. Ba5 Nb6 21. Rfd1 Rxd1+ 22. Rxd1 f6 23. exf6 gxf6 24. Nd4 Kf7 25. Re1 Rd8 26. Nb5 Rd3 27. Nxa7 Nc4 28. Bb5 Nxa5 29. Bxd3 Bxd3 30. Rc1 Be4 31. Rc7 Ke8 32. Nb5 Kd8 33. Ra7 Nc6 34. Ra4 Bd3 35. Nd4 Kd7 36. Nxc6 Kxc6 37. Ra7 Bc5 38. Rf7 Bd4 39. g4 Bg6 40. Re7 Kd6 41. Rb7 Be4 42. Rb5 Bc5 43. Rb8 Ke5 44. Rb5 Kd4 45. Rb8 Bd5 46. Rh8 Ke4 47. Rc8 Bd4 48. a4 Bb3 49. a5 Kf3 50. a6 Bd1 51. h3 Bxf2+ 52. Kh2 Be3 53. Rc3 Kf2 54. Ra3 Ba7 55. Ra2+ Be2 56. h4 e5 57. g5 fxg5 58. hxg5 e4 59. Rb2 e3 60. Rb7 Bxa6 61. Rf7+ Ke1 62. Rxa7 e2 63. Rxa6 Kd2 64. Ra2+ Kd3 65. Ra1 Kd2 66. Kh3 e1=Q 67. Rxe1 Kxe1 68. Kg4 Kf2 69. Kh5 Kg3 70. Kh6 Kg4 71. Kxh7 Kxg5 1/2-1/2

[Event "Transnational Crown"]
[Site "Montreal CAN"]
[Date "2023.06.10"]
[Round "7.2"]
[White "Matviishen, Viktor"]
[Black "Preotu, Razvan"]
[Result "1-0"]
[WhiteElo "2538"]
[BlackElo "2475"]
[WhiteFideId "-1"]
[WhiteFideId "-1"]
[PlyCount "99"]
[GameId "2160767907190722"]
[EventDate "2023.06.06"]
[EventType "swiss"]
[EventRounds "9"]
[EventCountry "CAN"]

1. e4 e6 2. d4 d5 3. Nd2 c5 4. Ngf3 cxd4 5. exd5 Qxd5 6. Bc4 Qd6 7. O-O Nf6 8. Nb3 Nc6 9. Nbxd4 Nxd4 10. Nxd4 Be7 11. b3 O-O 12. Bb2 a6 13. Qf3 Nd7 14. Rad1 Qc5 15. Rfe1 Bf6 16. Qg3 Qh5 17. Ba3 Re8 18. Nf3 Qa5 19. Bd6 Qxa2 20. Bd3 Nf8 21. Ne5 Ng6 22. Nc4 b5 23. Nb6 Ra7 24. Qe3 Rd7 25. Nxd7 Bxd7 26. Bxg6 hxg6 27. Be5 Bc8 28. Qc3 Bxe5 29. Rxe5 b4 30. Ra1 bxc3 31. Rxa2 Rd8 32. Ra1 Rd5 33. Re3 e5 34. Rxc3 Bf5 35. h3 a5 36. Kf1 g5 37. Ke2 g4 38. hxg4 Bxg4+ 39. f3 Bf5 40. Rd1 Rb5 41. Rd6 f6 42. Rdc6 Rb8 43. Ra6 Rb5 44. Rc7 Kh7 45. Kd2 Kh6 46. Rca7 Rd5+ 47. Kc1 Rd4 48. Rxa5 Rh4 49. Rd5 g6 50. g4 1-0

[Event "Transnational Crown"]
[Site "Montreal CAN"]
[Date "2023.06.11"]
[Round "8.5"]
[White "Preotu, Razvan"]
[Black "Bartel, Mateusz"]
[Result "0-1"]
[WhiteElo "2475"]
[BlackElo "2609"]
[WhiteFideId "-1"]
[WhiteFideId "-1"]
[PlyCount "96"]
[GameId "2160767907190747"]
[EventDate "2023.06.06"]
[EventType "swiss"]
[EventRounds "9"]
[EventCountry "CAN"]

1. e4 e5 2. Nf3 Nc6 3. Bc4 Nf6 4. d3 h6 5. c3 Be7 6. O-O O-O 7. Re1 d6 8. b4 a6 9. a4 Nh7 10. h3 Kh8 11. d4 f5 12. dxe5 fxe4 13. Rxe4 Bf5 14. Re1 Nxe5 15. Nxe5 dxe5 16. Qxd8 Raxd8 17. Nd2 Bf6 18. Ra3 Ng5 19. Nb3 Ne4 20. Be3 Bh4 21. g3 Bg5 22. Bc5 Nxc5 23. Nxc5 Bxh3 24. Be6 Bf5 25. Bxf5 Rxf5 26. Ra2 Rb8 27. Kg2 Kg8 28. Rae2 Be7 29. Rxe5 Rxe5 30. Rxe5 Bd6 31. Rd5 Kf7 32. f4 Ke7 33. Kf3 g6 34. a5 b6 35. Nxa6 Ra8 36. b5 bxa5 37. c4 c6 38. Rd4 cxb5 39. cxb5 Rc8 40. b6 Rc3+ 41. Kg2 Rb3 42. Nc7 Rb2+ 43. Kf3 Bc5 44. Rb4 Kd7 45. Ra4 Kc6 46. Nd5 Bxb6 47. Nf6 Kb5 48. Ng4 Rb3+ 0-1

[Event "Transnational Rapid"]
[Site "Toronto CAN"]
[Date "2023.06.03"]
[Round "1.8"]
[White "Reprintsev, Alexander"]
[Black "Preotu, Razvan"]
[Result "1/2-1/2"]
[WhiteElo "2238"]
[BlackElo "2475"]
[WhiteFideId "-1"]
[WhiteFideId "-1"]
[PlyCount "186"]
[GameId "2160767907190843"]
[EventDate "2023.06.03"]
[EventType "swiss (rapid)"]
[EventRounds "11"]
[EventCountry "CAN"]
[SourceTitle "The Week in Chess 1492"]
[Source "Mark Crowther"]
[SourceDate "2023.06.12"]
[SourceVersion "1"]
[SourceVersionDate "2023.06.12"]
[SourceQuality "2"]

1. e4 c5 2. b3 d6 3. Bb2 Nf6 4. Bxf6 exf6 5. Bd3 g6 6. Nc3 Nc6 7. Nge2 Bg7 8. O-O O-O 9. f4 Nb4 10. f5 d5 11. Nf4 dxe4 12. Bxe4 gxf5 13. Bd3 Bh6 14. Kh1 Nxd3 15. Nxd3 b6 16. Qf3 Be6 17. Rad1 Qd4 18. Nb5 Qg4 19. Qf2 Rad8 20. h3 Qg5 21. Nf4 Qxf4 22. Qxf4 Bxf4 23. Rxf4 a6 24. Nc3 b5 25. d3 Rd6 26. a4 Bd7 27. axb5 axb5 28. Ra1 Re8 29. Rf2 b4 30. Ne2 Rde6 31. Nf4 Re1+ 32. Rf1 Rxf1+ 33. Rxf1 Kg7 34. Kg1 Ra8 35. Kf2 Ra2 36. Rc1 Be6 37. Ke3 Kf8 38. Nh5 Ke7 39. Kf4 Rb2 40. Ng3 Kd6 41. Nf1 Kd5 42. Ng3 Ra2 43. Ne2 Bd7 44. Ke3 Ke5 45. g3 Be6 46. d4+ cxd4+ 47. Nxd4 Bd5 48. Kd3 Be4+ 49. Kc4 Ra8 50. Ne2 Rc8+ 51. Kxb4 Rxc2 52. Rxc2 Bxc2 53. Kc3 Bd1 54. Nf4 Ke4 55. b4 Kf3 56. Kd2 Ba4 57. Ne2 Kf2 58. Nc3 Bc6 59. b5 Ba8 60. Ne2 Kg2 61. h4 Kf3 62. b6 Bb7 63. h5 h6 64. Nd4+ Kxg3 65. Nxf5+ Kg4 66. Nxh6+ Kxh5 67. Nxf7 f5 68. Nd6 Bc6 69. Nxf5 Kg5 70. Nd4 Bb7 71. Kc3 Kf6 72. Kc4 Ke7 73. Kc5 Kd7 74. Nc2 Ba8 75. Kb5 Bb7 76. Ne3 Kd6 77. Nf5+ Kd7 78. Ng3 Kd6 79. Nh5 Kd7 80. Kc5 Ba8 81. Nf6+ Ke6 82. Ne8 Kd7 83. Nc7 Bb7 84. Nb5 Ba8 85. Na3 Bb7 86. Nc4 Bg2 87. Ne5+ Kc8 88. Kb5 Kb7 89. Ng6 Be4 90. Nf4 Bf5 91. Kc5 Be4 92. Ne6 Bf3 93. Nd8+ Kb8 1/2-1/2